000 00601nam a2200229Ia 4500
003 OSt
005 20221007072205.0
006 a|||||r|||| 00| 0
007 ta
008 221006b |||||||| |||| 00| 0 eng d
024 _a17,694
037 _cTextual
040 _aFLL
_cFLL
_beng
041 _2eng
_aeng
082 _aS65:7, K4
100 _aEysenek H.J. Au.
_9690199
245 0 _aCrime and personality
260 _aLondon
_bRoutledge and kegan paul England
_c1996
300 _a204p
_ccm.
942 _hS65:7, K4
_cTEXL
_2CC
999 _c1145383
_d1145383